Wszyscy członkowie Metalliki - Statystyki

Ogólne statystyki
  • Ten quiz został rozwiązany 25 razy
  • Średni wynik to 6 z 8
Statystyki odpowiedzi
Odpowiedź % Poprawnych
1981-Teraz James Hetfield
95%
1982-1983 Dave Mustaine
82%
1983-Teraz Kirk Hammett
77%
2003-Teraz Robert Trujillo
77%
1986-2001 Jason Newsted
73%
1982-1986 Cliff Burton
64%
1981-Teraz Lars Urlich
64%
Tylko 1982 Ron McGovney
36%
Nie znaleziono quizów pasujących do podanych kryteriów
Rozkład punktacji
Procent ludzi z każdym wynikiem
Percentyl według liczby udzielonych odpowiedzi
Twoja historia wyników
Nie rozwiązałeś tego quizu